serun
ՀԱՅ ԳԻՐՔ = Armenian Book

Ինքնատիպները ։ (Record no. 166241)

000 -LEADER
fixed length control field nam a22 a 4500
003 - CONTROL NUMBER IDENTIFIER
control field AM-YeNLA
005 - DATE AND TIME OF LATEST TRANSACTION
control field 20260417145637.0
007 - PHYSICAL DESCRIPTION FIXED FIELD--GENERAL INFORMATION
fixed length control field ta
008 - FIXED-LENGTH DATA ELEMENTS--GENERAL INFORMATION
fixed length control field 260417s2026 ai o|||gr|||||000|0|arm|d
020 ## - INTERNATIONAL STANDARD BOOK NUMBER
International Standard Book Number 978-9939-482-02-6
040 ## - CATALOGING SOURCE
Language of cataloging arm
Transcribing agency AM-YeNLA
041 1# - LANGUAGE CODE
Language code of text/sound track or separate title arm
Language code of original eng
100 1# - MAIN ENTRY--PERSONAL NAME
Personal name Գրանտ, Ադամ
9 (RLIN) 45091
245 10 - TITLE STATEMENT
Title Ինքնատիպները ։
Remainder of title Ինչպես են ըմբոստները փոխում աշխարհը /
Statement of responsibility, etc. Ա. Գրանտ ; [Թարգմանությունն անգլերենից՝ Լ. Զաքարյանի ; Խմբագիրներ՝ Ա. Ամիրխանյան, Մ. Սարգսյան, Ա. Բախշյան].
246 15 - VARYING FORM OF TITLE
Title proper/short title Originals :
Remainder of title how-non-conformists move the world
260 ## - PUBLICATION, DISTRIBUTION, ETC. (IMPRINT)
Place of publication, distribution, etc. Երևան ։
Name of publisher, distributor, etc. Newmag,
Date of publication, distribution, etc. 2026.
300 ## - PHYSICAL DESCRIPTION
Extent 350 էջ ։
Other physical details լուսանկար ;
Dimensions 24 սմ.
500 ## - GENERAL NOTE
General note The New York Times- ի բեսթսելլեր, #1:
650 14 - SUBJECT ADDED ENTRY--TOPICAL TERM
9 (RLIN) 34202
Topical term or geographic name as entry element Անձի հոգեբանություն
650 14 - SUBJECT ADDED ENTRY--TOPICAL TERM
Topical term or geographic name as entry element Սոցիալական հոգեբանություն
General subdivision Տնտեսական մոտիվացիա
650 #4 - SUBJECT ADDED ENTRY--TOPICAL TERM
9 (RLIN) 38171
Topical term or geographic name as entry element Բեսթսելլերներ
700 1# - ADDED ENTRY--PERSONAL NAME
Personal name Զաքարյան, Լիանա
Relator term թարգմանիչ
Relator code trl
700 1# - ADDED ENTRY--PERSONAL NAME
Personal name Ամիխանյան, Արմեն
Relator term խմբագիր
Relator code edt
700 1# - ADDED ENTRY--PERSONAL NAME
Personal name Սարգսյան, Մարգարիտ
Relator term խմբագիր
Relator code edt
700 1# - ADDED ENTRY--PERSONAL NAME
Personal name Բախշյան, Աննա
Relator term խմբագիր
Relator code edt
942 ## - ADDED ENTRY ELEMENTS (KOHA)
Source of classification or shelving scheme
Koha item type Books
Holdings
Withdrawn status Lost status Source of classification or shelving scheme Damaged status Not for loan Permanent Location Current Location Date acquired Inventory number Date last seen Price effective from Koha item type
          National Library of Armenia National Library of Armenia 2026-04-17 ՀԱԳ 2026-04-17 2026-04-17 Books

Հայաստանի ազգային գրադարան ՀՀ, 0009,Երևան, Տերյան 72
Հետադարձ կապ